000 00359nam a2200133Ia 4500
008 150202s9999 xx 000 0 und d
020 _a743492879
050 _aFIC
_bFIC
100 _aMcCullough, Colleen.
245 4 _aThe touch /
_cColleen McCullough.
260 _aNew York :
_bPocket Books,
_c2003.
300 _a609 pages :
_c18 cm.
650 _aFiction.
999 _c282223
_d282223